Summarized Czech and Irish Foresight Specifics as Positive Analogy for Slovak Economy

Salvato in:
Dettagli Bibliografici
Autore principale: Jemala, Marek
Natura: Capitolo di libro
Lingua:inglese
Soggetti:
Tags: Aggiungi Tag
Nessun Tag, puoi essere il primo ad aggiungerne!!

MARC

LEADER 00000nla$a2200000$$$4500
001 0112005
005 20240502083258.5
041 0 |a eng 
044 |a CZ 
245 1 0 |a Summarized Czech and Irish Foresight Specifics as Positive Analogy for Slovak Economy  |c Marek Jemala 
500 |a Abstrakt 
610 2 0 |a prognózovanie 
610 2 0 |a prognózy 
610 2 0 |a technológie nové 
610 2 0 |a Česko 
610 2 0 |a Írsko 
610 2 0 |a Slovensko 
100 1 |a Jemala, Marek